| 000 | 00370nam a2200145Ia 4500 | ||
|---|---|---|---|
| 005 | 20240424035615.0 | ||
| 008 | 240331s9999 xx 000 0 und d | ||
| 082 |
_bOUR _a331.4 |
||
| 245 | 0 |
_aOur rightful share _cCommitee for asian Women |
|
| 260 |
_aHong Kong ; _bCommittee for Asian women _c1984 |
||
| 300 | _a108 p ., | ||
| 650 | _aWoman | ||
| 650 | _aLaws | ||
| 942 | _cL | ||
| 999 |
_c2603 _d2603 |
||